| 000 | 00445nam a2200145 a 4500 | ||
|---|---|---|---|
| 001 | 000030990 | ||
| 005 | 20200930062631.0 | ||
| 008 | 110609s1932 dr 000 0 spa d | ||
| 040 |
_aDO-SdBNP _bspa _cBNPHU |
||
| 245 | 0 | 3 |
_aLa República Dominicana = _bthe dominican Republic. |
| 246 | 1 | 0 | _athe dominican Republic |
| 260 |
_aLa Habana : _bEditorial Cubana, _c1932. _fImp. La Milagrosa |
||
| 300 |
_a207 p. : _bil., retrs. ; _c27 cm. |
||
| 049 | _aBNPD | ||
| 999 |
_c30482 _d30482 |
||